000 00583nab a2200229 a 4500
001 69116
003 142952
005 20201118110619.0
008 ||||||n9999 ||| || ||
041 _aspa
245 0 _aLa creciente desilusion con la democracia moderna
260 _aBogotá :
_bTierra Firme,
_c1999.
300 _app.149-160
562 _e0
650 _aANALISIS DE COYUNTURA
650 _aDEMOCRACIA
650 _aGOBERNABILIDAD
650 _aLEGITIMIDAD
650 _aSISTEMAS POLÍTICOS
773 _066868
_aCiencia Política - No.50
942 _cSART
999 _c69116
_d69116